000 00657cam a22002293a 4500
001 11010
003 PGUSA
005 20140828083231.0
008 040201s2004||||xxu|||||s|||||000 e eng d
040 _aPGUSA
_beng
042 _adc
050 4 _aPR
100 1 _aAddison, Joseph,
_d1672-1719
245 1 4 _aThe Spectator, Volume 2.
_h[electronic resource] /
_cJoseph Addison
260 _bProject Gutenberg,
_c2004
506 _aPublic domain in the USA.
516 _aElectronic text
653 _aEnglish essays -- 18th century -- Periodicals
830 0 _aProject Gutenberg
_v11010
856 4 0 _uhttp://www.gutenberg.org/ebooks/11010
942 _cEB
999 _c240265
_d240265